| 000 | 00353nam a2200121Ia 4500 | ||
|---|---|---|---|
| 008 | 200626s9999 xx 000 0 und d | ||
| 020 | _a0-471-23923-2 | ||
| 245 | 2 | _aA guide to college programs in hospitality and tourism/ | |
| 250 | _a5th ed. | ||
| 260 |
_aNew York: _bJohn Wiley & Sons, Inc. _c1997 |
||
| 300 | _av, 470 pages | ||
| 500 | _aIncludes Index | ||
| 999 |
_c363893 _d363893 |
||